| 000 | 00777nam a2200241 4500 | ||
|---|---|---|---|
| 003 | OSt | ||
| 005 | 20260601193847.0 | ||
| 008 | 260506b2000 enka|||| |||| 00| 0 eng d | ||
| 020 | _a185383730X | ||
| 020 | _a9781853837302 | ||
| 040 |
_aICI _bspa _cICI |
||
| 041 | _aeng | ||
| 050 | 0 |
_aTD345 _bC67 2000 |
|
| 100 | 1 |
_aCosgrove, William J., _eautor _931588 |
|
| 245 | 1 |
_aWorld Water Vision : _bMaking Water Everybody's Business / _cWilliam J. Cosgrove ; Frank R. Rijsberman |
|
| 264 |
_aLondon : _bWorld Water Council ; _bEarthscan Publications Ltd, _c2000 |
||
| 300 |
_a108 páginas : _bilustraciones |
||
| 336 |
_atexto _2rdacontent |
||
| 337 |
_asin medio _2rdamedia |
||
| 338 |
_avolumen _2rdacarrier |
||
| 700 | 1 |
_aRijsberman, Frank R., _eautor _931589 |
|
| 942 |
_2lcc _cB _n1 |
||
| 999 |
_c21677 _d21677 |
||